000 02055nam a22001577a 4500
041 _aukr
080 _a09
090 _bЯРУ
100 _aЯруш Н. С.
245 _aВплив гендерних особливостей на стилістику та композицію рекламного тексту
260 _aОстрог
_bКАФ
_c2007
300 _a90
520 _aВступ Розділ 1. Композиція та стилістика рекламного тексту. 1.1. Текстове рекламне повідомлення та його композиція. 1.2. Основні композиційні елементи та їх функції. 1.2.1. Заголовок. 1.2.2. Основний текст. 1.2.3. Салоган. 1.2.4. Логотип. 1.2.5. Ціна. 1.3. Рекламний текст як окремий літературний стиль. 1.4. Стилістичні прийоми написання рекламного тексту. Розділ 2. Гендерні особливості цільової аудиторії. 2.1. Гендер як особливе соціально-психологічне явище. 2.2. Психологічні особливості гендеру. 2.3. Вираження гендерних стереотипів у мові. 2.4. Гендерна варіативність мовленнєвої поведінки. 2.4.1. Поняття гендерлекту. 2.4.2. Вираження чоловічої домінантності через мову. 2.4.3. Гендерно-марковані стилі комунікації. Розділ 3. Вплив тендерних особливостей на рекламний текст. 3.1. Вплив гендерних особливостей на рекламний текст. 3.2.Гендерне маркування в англомовних рекламах. Висновки.
_0реклама, цільова аудиторія
650 _aResearch Papers
999 _c284059
_d284059
942 _cBK